|
|
|
|
| LEADER |
00865nab a2200217 i 4500 |
| 001 |
publ28536 |
| 005 |
20231031081505.0 |
| 008 |
231031s2018 hu o 0|| Angol d |
| 022 |
|
|
|a 0258-2384
|
| 024 |
7 |
|
|a 10.20446/JEP-2414-3197-34-3-143
|2 doi
|
| 024 |
7 |
|
|a 30398542
|2 mtmt
|
| 040 |
|
|
|a SZTE Publicatio Repozitórium
|b hun
|
| 041 |
|
|
|a Angol
|
| 100 |
1 |
|
|a Pelle Anita
|
| 245 |
1 |
0 |
|a Possible Challenges for EU-Level Industrial Policy
|h [elektronikus dokumentum] :
|b Where Do Potentials for Policy Improvement in Central and Eastern European Countries Lie? /
|c Pelle Anita
|
| 260 |
|
|
|c 2018
|
| 300 |
|
|
|a 143-172
|
| 490 |
0 |
|
|a JOURNAL FUR ENTWICKLUNGSPOLITIK (JEP)
|v 34 No. 3-4
|
| 650 |
|
4 |
|a Közgazdasági és gazdálkodástudományok
|
| 700 |
0 |
1 |
|a Somosi Sarolta
|e aut
|
| 856 |
4 |
0 |
|u http://publicatio.bibl.u-szeged.hu/28536/1/JEP_2018-3-4_Pelle_Somosi1.pdf
|z Dokumentum-elérés
|